| 000 | 01326njm a22002777a 4500 | ||
|---|---|---|---|
| 005 | 20100906130154.0 | ||
| 007 | sd ammalaaahaa | ||
| 008 | 100904t xxu||||| |||| 00| 0 hin d | ||
| 028 |
_aN. 53625 _bHis Master's Voice |
||
| 028 |
_aOJE. 16983 _bHis Master's Voice |
||
| 028 |
_aOJE. 16984 _bHis Master's Voice |
||
| 035 | _aGR-647 | ||
| 040 | _aSED/VEN | ||
| 100 |
_aBhosle, Asha _91184 |
||
| 245 |
_aAkeli Mat Jaiyo Part 1: _bHindustani / _cby Asha Bhosle; Music Dtn by Madan Mohan; Lyric by Majrooh _h[Sound Recording] : |
||
| 246 | _aअकेली मत जइयो (आशा भोसले) | ||
| 260 |
_aDum Dum, India : _bHis Master's Voice |
||
| 300 |
_a1 sound disc [Gramophone Recording] : _banalog, 33 1/3 rpm ; _c10 in. _fGramophone Records |
||
| 500 | _aBrief Records | ||
| 505 | _aSong Side-1: थोड़ी देर के लिए मेरे हो जाओ (अकेली मत जइयो) (आशा भोसले),Song Side-2: अकेली मत जइयो (लता मंगेशकर और चोरुस); Part 2 | ||
| 650 |
_aClassical Music _xExcerpts _zIndia _918309 |
||
| 700 |
_918319 _aMangeshkar, Lata |
||
| 700 |
_918320 _aChorus |
||
| 942 |
_2ddc _cGR |
||
| 999 |
_c43969 _d43969 |
||